Top 20 au dernier classement de popularité One Piece - Statistiques

Statistiques générales
  • Ce quiz a été pris 49 fois
  • Le résultat moyen est 14 sur 20
Statistiques - réponses
Classement Le Personnage % Correct
1 Luffy
100%
2 Zoro
100%
3 Nami
98%
4 Sanji
98%
16 Tony-Tony Chopper
93%
6 Nico Robin
90%
17 Brook
83%
20 Franky
83%
13 Shanks
80%
9 Portgas D Ace
78%
18 Jinbe
73%
15 Ussop
73%
10 Sabo
63%
5 Trafalgar D Water Law
58%
19 Don Quichotte Doflamingo
55%
12 Charlotte Katakuri
40%
11 Yamato
40%
7 Boa Hancock
30%
8 Carrot
23%
14 Vinsmoke Reiju
5%
Aucun quiz correspondant
Distribution des résultats
% des personnes avec chaque résultat
Percentile par nombre de réponses
Votre historique - résultats
Vous n’avez pas pris ce quiz